<?xml version="1.0" encoding="UTF-8"?>
<record
    xmlns:xsi="http://www.w3.org/2001/XMLSchema-instance"
    xsi:schemaLocation="http://www.loc.gov/MARC21/slim http://www.loc.gov/standards/marcxml/schema/MARC21slim.xsd"
    xmlns="http://www.loc.gov/MARC21/slim">

  <leader>01187nam a22002777a 4500</leader>
  <controlfield tag="001">1270</controlfield>
  <controlfield tag="005">20250901162052.0</controlfield>
  <datafield tag="020" ind1=" " ind2=" ">
    <subfield code="a">9789996305597</subfield>
  </datafield>
  <datafield tag="040" ind1=" " ind2=" ">
    <subfield code="a">FISKH </subfield>
    <subfield code="b">eng</subfield>
    <subfield code="c">FISKH </subfield>
    <subfield code="d">FISKH </subfield>
  </datafield>
  <datafield tag="082" ind1=" " ind2=" ">
    <subfield code="a">513.211</subfield>
  </datafield>
  <datafield tag="100" ind1=" " ind2=" ">
    <subfield code="a">Kunthearo, Prum </subfield>
  </datafield>
  <datafield tag="245" ind1=" " ind2=" ">
    <subfield code="a">&#x179A;&#x17B6;&#x1794;&#x17CB;&#x179B;&#x17C1;&#x1781; / </subfield>
    <subfield code="c">&#x1793;&#x17B7;&#x1796;&#x1793;&#x17D2;&#x1792;&#x178A;&#x17C4;&#x1799; &#x1796;&#x17D2;&#x179A;&#x17BB;&#x17C6; &#x1782;&#x1793;&#x17D2;&#x1792;&#x17B6;&#x179A;&#x17C9;&#x17BC; - &#x1782;&#x17BC;&#x179A;&#x179A;&#x17BC;&#x1794;&#x178A;&#x17C4;&#x1799; &#x179F;&#x17BC; &#x1785;&#x179A;&#x17B7;&#x1799;&#x17B6; </subfield>
  </datafield>
  <datafield tag="250" ind1=" " ind2=" ">
    <subfield code="a">&#x1794;&#x17C4;&#x17C7;&#x1796;&#x17BB;&#x1798;&#x17D2;&#x1796;&#x179B;&#x17BE;&#x1780;&#x1791;&#x17B8; &#x17E7; &#x178F;&#x17BB;&#x179B;&#x17B6; &#x17E2;&#x17E0;&#x17E2;&#x17E1; </subfield>
  </datafield>
  <datafield tag="260" ind1=" " ind2=" ">
    <subfield code="a">Phnom Penh : </subfield>
    <subfield code="b">Sipar, </subfield>
    <subfield code="c">2021. </subfield>
  </datafield>
  <datafield tag="300" ind1=" " ind2=" ">
    <subfield code="a">16 pages : </subfield>
    <subfield code="b">color illustrations ; </subfield>
    <subfield code="c">17 cm </subfield>
  </datafield>
  <datafield tag="490" ind1=" " ind2=" ">
    <subfield code="a">&#x178F;&#x179F;&#x17CB;&#x179A;&#x17C0;&#x1793; ! </subfield>
  </datafield>
  <datafield tag="505" ind1=" " ind2=" ">
    <subfield code="a">C 
</subfield>
  </datafield>
  <datafield tag="520" ind1=" " ind2=" ">
    <subfield code="a">&#x178E;&#x17C2;&#x1793;&#x17B6;&#x17C6;&#x1780;&#x17BB;&#x1798;&#x17B6;&#x179A;&#x178F;&#x17BC;&#x1785;&#x17A2;&#x17C6;&#x1796;&#x17B8;&#x1780;&#x17B6;&#x179A;&#x179A;&#x17B6;&#x1794;&#x17CB;&#x1785;&#x17C6;&#x1793;&#x17BD;&#x1793;&#x179B;&#x17C1;&#x1781;&#x17A2;&#x1798;&#x1787;&#x17B6;&#x1798;&#x17BD;&#x1799;&#x179A;&#x17BC;&#x1794;&#x1797;&#x17B6;&#x1796;&#x1796;&#x178E;&#x17CD;&#x1795;&#x1784;&#x178A;&#x17C2;&#x179A;&#x17D4;&#x200B;&#x200B;</subfield>
  </datafield>
  <datafield tag="520" ind1=" " ind2=" ">
    <subfield code="a">Introduce young children to counting numbers&#x200B; with colorful pictures.</subfield>
  </datafield>
  <datafield tag="521" ind1=" " ind2=" ">
    <subfield code="a">100 
</subfield>
    <subfield code="b">Lexile estimate 
</subfield>
  </datafield>
  <datafield tag="521" ind1=" " ind2=" ">
    <subfield code="a">C 
</subfield>
    <subfield code="b">Raz-PLus 
</subfield>
  </datafield>
  <datafield tag="650" ind1=" " ind2=" ">
    <subfield code="a">&#x179B;&#x17C1;&#x1781;&#x200B; </subfield>
    <subfield code="v">&#x179A;&#x17B6;&#x1794;&#x17CB;&#x179B;&#x17C1;&#x1781; </subfield>
    <subfield code="x">&#x179A;&#x17BC;&#x1794;&#x1797;&#x17B6;&#x1796; </subfield>
  </datafield>
  <datafield tag="650" ind1=" " ind2=" ">
    <subfield code="a">Number</subfield>
    <subfield code="v">Counting </subfield>
    <subfield code="x">Picture </subfield>
  </datafield>
  <datafield tag="700" ind1=" " ind2=" ">
    <subfield code="a">Chakrya, Sou</subfield>
    <subfield code="c">illustrator </subfield>
  </datafield>
  <datafield tag="942" ind1=" " ind2=" ">
    <subfield code="2">ddc</subfield>
    <subfield code="c">BK</subfield>
    <subfield code="n">0</subfield>
  </datafield>
  <datafield tag="999" ind1=" " ind2=" ">
    <subfield code="c">1270</subfield>
    <subfield code="d">1270</subfield>
  </datafield>
  <datafield tag="952" ind1=" " ind2=" ">
    <subfield code="0">0</subfield>
    <subfield code="1">0</subfield>
    <subfield code="2">ddc</subfield>
    <subfield code="4">0</subfield>
    <subfield code="7">0</subfield>
    <subfield code="8">KH</subfield>
    <subfield code="a">001</subfield>
    <subfield code="b">001</subfield>
    <subfield code="c">KHRS</subfield>
    <subfield code="d">2023-08-10</subfield>
    <subfield code="l">1</subfield>
    <subfield code="o">CHA 513.211</subfield>
    <subfield code="p">2023-0233</subfield>
    <subfield code="r">2025-11-13 14:43:37</subfield>
    <subfield code="s">2025-08-22</subfield>
    <subfield code="t">1</subfield>
    <subfield code="w">2023-08-10</subfield>
    <subfield code="y">KHB</subfield>
  </datafield>
  <datafield tag="952" ind1=" " ind2=" ">
    <subfield code="0">0</subfield>
    <subfield code="1">0</subfield>
    <subfield code="2">ddc</subfield>
    <subfield code="4">0</subfield>
    <subfield code="7">0</subfield>
    <subfield code="8">KH</subfield>
    <subfield code="a">001</subfield>
    <subfield code="b">001</subfield>
    <subfield code="c">KHRS</subfield>
    <subfield code="d">2023-08-10</subfield>
    <subfield code="l">0</subfield>
    <subfield code="o">CHA 513.211</subfield>
    <subfield code="p">2023-0234</subfield>
    <subfield code="r">2023-08-10 10:01:00</subfield>
    <subfield code="t">2</subfield>
    <subfield code="w">2023-08-10</subfield>
    <subfield code="y">KHB</subfield>
  </datafield>
  <datafield tag="952" ind1=" " ind2=" ">
    <subfield code="0">0</subfield>
    <subfield code="1">0</subfield>
    <subfield code="2">ddc</subfield>
    <subfield code="4">0</subfield>
    <subfield code="7">0</subfield>
    <subfield code="8">KH</subfield>
    <subfield code="a">001</subfield>
    <subfield code="b">001</subfield>
    <subfield code="c">OKHR</subfield>
    <subfield code="d">2024-03-07</subfield>
    <subfield code="l">0</subfield>
    <subfield code="o">CHA 513.211</subfield>
    <subfield code="p">FISBK073136</subfield>
    <subfield code="r">2024-03-07 15:21:45</subfield>
    <subfield code="t">3</subfield>
    <subfield code="w">2024-03-07</subfield>
    <subfield code="y">KHB</subfield>
  </datafield>
  <datafield tag="952" ind1=" " ind2=" ">
    <subfield code="0">0</subfield>
    <subfield code="1">0</subfield>
    <subfield code="2">ddc</subfield>
    <subfield code="4">0</subfield>
    <subfield code="7">0</subfield>
    <subfield code="8">KH</subfield>
    <subfield code="a">001</subfield>
    <subfield code="b">001</subfield>
    <subfield code="c">OKHR</subfield>
    <subfield code="d">2024-03-07</subfield>
    <subfield code="l">2</subfield>
    <subfield code="o">CHA 513.211</subfield>
    <subfield code="p">FISBK073289</subfield>
    <subfield code="q">2025-11-27</subfield>
    <subfield code="r">2025-11-13 15:02:24</subfield>
    <subfield code="s">2025-11-13</subfield>
    <subfield code="t">4</subfield>
    <subfield code="w">2024-03-07</subfield>
    <subfield code="y">KHB</subfield>
  </datafield>
  <datafield tag="952" ind1=" " ind2=" ">
    <subfield code="0">0</subfield>
    <subfield code="1">0</subfield>
    <subfield code="2">ddc</subfield>
    <subfield code="4">0</subfield>
    <subfield code="7">0</subfield>
    <subfield code="8">KH</subfield>
    <subfield code="a">002</subfield>
    <subfield code="b">002</subfield>
    <subfield code="c">TTP Khmer</subfield>
    <subfield code="d">2024-03-07</subfield>
    <subfield code="l">0</subfield>
    <subfield code="o">CHA 513.211</subfield>
    <subfield code="p">FISTKKB104</subfield>
    <subfield code="r">2024-03-07 15:49:50</subfield>
    <subfield code="t">5</subfield>
    <subfield code="w">2024-03-07</subfield>
    <subfield code="y">KHB</subfield>
  </datafield>
  <datafield tag="952" ind1=" " ind2=" ">
    <subfield code="0">0</subfield>
    <subfield code="1">0</subfield>
    <subfield code="2">ddc</subfield>
    <subfield code="4">0</subfield>
    <subfield code="7">0</subfield>
    <subfield code="8">KH</subfield>
    <subfield code="a">001</subfield>
    <subfield code="b">001</subfield>
    <subfield code="c">OKHR</subfield>
    <subfield code="d">2024-03-07</subfield>
    <subfield code="l">0</subfield>
    <subfield code="o">CHA 513.211</subfield>
    <subfield code="p">FISTKKA130</subfield>
    <subfield code="r">2024-03-07 16:01:36</subfield>
    <subfield code="t">6</subfield>
    <subfield code="w">2024-03-07</subfield>
    <subfield code="y">KHB</subfield>
  </datafield>
  <datafield tag="952" ind1=" " ind2=" ">
    <subfield code="0">0</subfield>
    <subfield code="1">0</subfield>
    <subfield code="2">ddc</subfield>
    <subfield code="4">0</subfield>
    <subfield code="7">0</subfield>
    <subfield code="8">KH</subfield>
    <subfield code="a">002</subfield>
    <subfield code="b">002</subfield>
    <subfield code="c">TTP Khmer</subfield>
    <subfield code="d">2024-03-07</subfield>
    <subfield code="l">0</subfield>
    <subfield code="o">CHA 513.211</subfield>
    <subfield code="p">2024-0295</subfield>
    <subfield code="r">2024-03-07 16:02:47</subfield>
    <subfield code="t">7</subfield>
    <subfield code="w">2024-03-07</subfield>
    <subfield code="y">KHB</subfield>
  </datafield>
  <datafield tag="952" ind1=" " ind2=" ">
    <subfield code="0">0</subfield>
    <subfield code="1">0</subfield>
    <subfield code="2">ddc</subfield>
    <subfield code="4">0</subfield>
    <subfield code="7">0</subfield>
    <subfield code="8">KH</subfield>
    <subfield code="a">001</subfield>
    <subfield code="b">001</subfield>
    <subfield code="c">OKHR</subfield>
    <subfield code="d">2024-06-27</subfield>
    <subfield code="l">1</subfield>
    <subfield code="o">CHA 513.211</subfield>
    <subfield code="p">FISBK072218</subfield>
    <subfield code="r">2025-02-14 14:19:45</subfield>
    <subfield code="s">2024-12-04</subfield>
    <subfield code="t">8</subfield>
    <subfield code="w">2024-06-27</subfield>
    <subfield code="y">KHB</subfield>
  </datafield>
  <datafield tag="952" ind1=" " ind2=" ">
    <subfield code="0">0</subfield>
    <subfield code="1">0</subfield>
    <subfield code="2">ddc</subfield>
    <subfield code="4">0</subfield>
    <subfield code="7">0</subfield>
    <subfield code="8">KH</subfield>
    <subfield code="a">001</subfield>
    <subfield code="b">001</subfield>
    <subfield code="c">OKHR</subfield>
    <subfield code="d">2024-06-27</subfield>
    <subfield code="l">1</subfield>
    <subfield code="o">CHA 513.211</subfield>
    <subfield code="p">2024-0890</subfield>
    <subfield code="r">2025-11-13 14:43:02</subfield>
    <subfield code="s">2025-08-22</subfield>
    <subfield code="t">9</subfield>
    <subfield code="w">2024-06-27</subfield>
    <subfield code="y">KHB</subfield>
  </datafield>
</record>
